01460nam a22002177a 450000500170000000800410001702000150005804000070007304100080008008200210008810000210010924500740013026000320020430000310023636500240026752008460029165000370113765000350117465000100120970000230121920230421114738.0220124b ||||| |||| 00| 0 eng d a8171675344 cAL aeng 223a331.89bSHEI aStephen Sherlock aIndian Railways Strike of 1974: A Study of Power and Organised Labour aNew DelhibRupa & Co.c2001 aviii,513 p.bHBc22x14 cm. b395.00c₹d395.00 a Originally presented as the author's thesis (doctoral--University of Sydne) This book is a study of relationship amongst the railway workers, unions and the state during 1960-74 and their role in bringing about a countrywide railway strike in 1974. The author examines the rejection of the officially sanctioned unions by many railway workers and their attempts to give shape to new organisations which better articulated their interests.Part One of the book analyses the structural relationship amongst the officially recognised unions, railway workers and the management, and the reasons for the recognised unions' declining support. Part Two discusses the strategies followed by the recognised unions to undermine the new unions. Part Three traces the course of the 1974 strike itself and the government's decision to crush the strike. aRailroads-Employees-Labor Unions aStrikes and Lockouts-Railroads aIndia aSHERLOCK (Stephen)